លាហើយភ្នំពេញ / (Record no. 1664)

MARC details
000 -LEADER
fixed length control field 03589nam a22003137a 4500
001 - CONTROL NUMBER
control field 1664
003 - CONTROL NUMBER IDENTIFIER
control field FISKH
005 - DATE AND TIME OF LATEST TRANSACTION
control field 20230915125322.0
008 - FIXED-LENGTH DATA ELEMENTS--GENERAL INFORMATION
fixed length control field 230913b cb ||||| |||| 00| 0 khr d
020 ## - INTERNATIONAL STANDARD BOOK NUMBER
International Standard Book Number 9789924340102
040 ## - CATALOGING SOURCE
Original cataloging agency FISKH
Language of cataloging eng
Transcribing agency FISKH
Modifying agency FISKH
082 ## - DEWEY DECIMAL CLASSIFICATION NUMBER
Classification number 973.7
100 ## - MAIN ENTRY--PERSONAL NAME
Personal name Chan
245 ## - TITLE STATEMENT
Title លាហើយភ្នំពេញ /
Statement of responsibility, etc. និពន្ធ និងគូររូបដោយ ច័ន បកប្រែពីភាសាបារាំងដោយ បេ ពុច
250 ## - EDITION STATEMENT
Edition statement បោះពុម្ពលើកទី ៣ ខែតុលា ឆ្នាំ ២០២១
260 ## - PUBLICATION, DISTRIBUTION, ETC.
Place of publication, distribution, etc. Phnom Penh :
Name of publisher, distributor, etc. Sipar,
Date of publication, distribution, etc. 2021.
300 ## - PHYSICAL DESCRIPTION
Extent 120 pages :
Other physical details color illustrations ;
Dimensions 26 cm
490 ## - SERIES STATEMENT
Series statement ឆ្នាំថោះ
Volume/sequential designation ១​
505 ## - FORMATTED CONTENTS NOTE
Formatted contents note Z'<br/>
520 ## - SUMMARY, ETC.
Summary, etc. ជាប្រលោមលោកបែបក្រាហ្វិក សៀវភៅនេះពិពណ៌នាអំពីព្រឹត្តិការណ៍ដែលចាប់ផ្តើមនៅក្នុងខែ មេសា ឆ្នាំ ១៩៧៥… ខ្មែរក្រហមបានកាន់កាប់រាជធានី និងអំណាច។ ដូច​អ្នក​រស់​នៅ​ក្នុង​ទីក្រុង​ដទៃទៀតដែរ លីណា ជិត​សម្រាល​កូន ហើយ​ក្រុម​គ្រួសារ​របស់​នាង​ចាក​ចេញ​ពី​ភ្នំពេញ។ រំពេចនោះ មានភាពច្របូកច្របល់ ពួកគេបានឈានទៅមុខក្នុងទីជនបទនៃប្រទេសកម្ពុជា រស់នៅក្នុងភាពច្របូកច្របល់ ហើយស្វែងរកបន្តិចម្តងៗថា បដិវត្តនេះទៅណា។ ប្រសិនបើពួកគេយល់ថាជីវិតរបស់ពួកគេនឹងមិនដូចគ្នាទេ ពួកគេនៅតែនៅឆ្ងាយពីការស្រមៃនៃសោកនាដកម្មនៃប្រទេសរបស់ពួកគេទាំងមូល… រឿងពិតរបស់ខ្មែរក្រហម។ លោក Tian បាន​ប្រាប់​ពី​ដំណើរ​រឿង​របស់​គ្រួសារ​លោក និង​បង្ហាញ​ពី​ជីវិត​របស់​ប្រជាជន​កម្ពុជា​ក្នុង​សម័យ​ថ្មី។
520 ## - SUMMARY, ETC.
Summary, etc. As a graphical novel, this book describes events starting in April 1975 when the Khmer Rouge took the capital and power. Like all residents of the city, Lina – about to give birth – and her family leave Phnom Penh. Suddenly disoriented, they advance in the Cambodian countryside, surviving in the confusion, and gradually discover where this revolution goes. If they understand that their lives will never be the same, they are still far from imagining the tragedy of their whole country. The true story of the Khmer Rouge, Tian told the story of his family and reveals the lives of Cambodians during the new era.
521 8# - TARGET AUDIENCE NOTE
Target audience note 920<br/>
Source Lexile estimate<br/>
521 8# - TARGET AUDIENCE NOTE
Target audience note Z'<br/>
Source Raz-Plus<br/>
650 ## - SUBJECT ADDED ENTRY--TOPICAL TERM
Topical term or geographic name entry element ខ្មែរក្រហម
Form subdivision ការចាកចេញ
General subdivision ទីក្រុង
Chronological subdivision ជនបទ
650 ## - SUBJECT ADDED ENTRY--TOPICAL TERM
Topical term or geographic name entry element Khmer Rough
Form subdivision Leaving
General subdivision City
Chronological subdivision Countryside
700 ## - ADDED ENTRY--PERSONAL NAME
Personal name Puch, Bae
Relator term Translator
700 ## - ADDED ENTRY--PERSONAL NAME
Personal name Chan
Relator term illustrator
942 ## - ADDED ENTRY ELEMENTS (KOHA)
Source of classification or shelving scheme Dewey Decimal Classification
Koha item type Khmer Books
Suppress in OPAC No
Holdings
Withdrawn status Lost status Source of classification or shelving scheme Damaged status Not for loan Collection Home library Current library Shelving location Date acquired Total Checkouts Full call number Barcode Date last seen Date last checked out Copy number Price effective from Koha item type
    Dewey Decimal Classification     Khmer Language Books / សៀវភៅភាសាខ្មែរ Footprints International School Library Network Toul Kork Campus Footprints International School Library Network Toul Kork Campus TK Campus, Room B402, Khmer Book Case 16, Shelves 112-123 / ទូរសៀវភៅខ្មែរលេខ ១៦​ ធ្នើរ ១១២ ដល់ ១២៣ បន្ទប់ B402 សាខាទួលគោក 09/13/2023 1 CHA 973.7 2023-0610 03/05/2026 11/19/2025 2 09/13/2023 Khmer Books
    Dewey Decimal Classification     Khmer Language Books / សៀវភៅភាសាខ្មែរ Footprints International School Library Network Toul Tom Poung Campus Footprints International School Library Network Toul Tom Poung Campus TTP Secondary Khmer Bookshelves 09/13/2023 6 CHA 973.7 2023-0609 03/31/2026 03/02/2026 1 09/13/2023 Khmer Books